[Event "Pobla de Lillet op 32nd"]
[Site "La Pobla de Lillet"]
[Date "2023.08.07"]
[Round "6"]
[White "Valenzuela Gomez, Fernando Alberto"]
[Black "Thakur, Akash"]
[Result "1/2-1/2"]
[WhiteElo "2393"]
[BlackElo "2211"]
[PlyCount "145"]
[EventDate "2023.08.02"]
[EventType "swiss"]
[EventRounds "9"]
[EventCountry "ESP"]
[SourceTitle "CBM 215 Extra"]
[Source "ChessBase"]
[SourceDate "2023.09.30"]
[SourceVersion "1"]
[SourceVersionDate "2023.09.30"]
[SourceQuality "1"]

1. d4 d5 2. c4 dxc4 3. e3 Nf6 4. Bxc4 e6 5. Nf3 c5 6. 0-0 a6 7. b3 Nc6 8. dxc5 Bxc5 9. Qxd8+ Kxd8 10. Bb2 Ke7 11. Be2 Bd7 12. Rc1 Bd6 13. Nbd2 b5 14. a4 Rab8 15. axb5 axb5 16. Bxf6+ gxf6 17. Ne4 Rhc8 18. Rd1 Bb4 19. Nxf6 Kxf6 20. Rxd7 Bc3 21. Ra6 b4 22. h4 h6 23. g3 Ra8 24. Rxa8 Rxa8 25. Nh2 Ra1+ 26. Kg2 Ne5 27. Rb7 Ra2 28. Bh5 Ng6 29. Bd1 Rd2 30. Bf3 Rb2 31. Ng4+ Kg7 32. h5 Nf8 33. Bc6 Nh7 34. Ba4 Ng5 35. Kf1 Rb1+ 36. Kg2 Rb2 37. Rc7 Ne4 38. Kf1 Rb1+ 39. Ke2 Rb2+ 40. Kf3 Ng5+ 41. Kg2 Ne4 42. Be8 Nd6 43. Bc6 Rxb3 44. e4 Kf8 45. Nxh6 Rb2 46. Ng4 f5 47. e5 Ne8 48. Rc8 fxg4 49. Rxe8+ Kf7 50. h6 Bd4 51. h7 Rxf2+ 52. Kh1 Rf1+ 53. Kh2 Rf2+ 54. Bg2 Bxe5 55. h8Q Bxh8 56. Rxh8 b3 57. Rb8 b2 58. Kg1 Rd2 59. Be4 Kf6 60. Rb5 Re2 61. Bh7 Kg7 62. Rb7+ Kf6 63. Kf1 Rd2 64. Rb4 Ke5 65. Ke1 Rg2 66. Rb3 Kd4 67. Kf1 Rh2 68. Bg6 Rh6 69. Bc2 Rh2 70. Rxb2 Kc3 71. Rb6 Rxc2 72. Rxe6 Rd2 73. Kg1 1/2-1/2

[Event "Pobla de Lillet op 32nd"]
[Site "La Pobla de Lillet"]
[Date "2023.08.05"]
[Round "4"]
[White "Thakur, Akash"]
[Black "Solodovnichenko, Yuri"]
[Result "0-1"]
[WhiteElo "2211"]
[BlackElo "2510"]
[PlyCount "78"]
[EventDate "2023.08.02"]
[EventType "swiss"]
[EventRounds "9"]
[EventCountry "ESP"]
[SourceTitle "CBM 215 Extra"]
[Source "ChessBase"]
[SourceDate "2023.09.30"]
[SourceVersion "1"]
[SourceVersionDate "2023.09.30"]
[SourceQuality "1"]

1. e4 c5 2. Nf3 d6 3. Bb5+ Nd7 4. d4 cxd4 5. Qxd4 a6 6. Bxd7+ Bxd7 7. Bg5 h6 8. Bh4 Qa5+ 9. Nc3 e5 10. Qd3 Rc8 11. Nd2 Be6 12. Nb3 Qc7 13. 0-0-0 Ne7 14. Kb1 Bc4 15. Qd2 b5 16. f4 exf4 17. Bf2 Ng6 18. Nd4 Be7 19. Nf5 0-0 20. Bd4 f6 21. h4 Rfe8 22. h5 Ne5 23. Rh4 Bf8 24. Rxf4 Qf7 25. b3 b4 26. Na4 Be6 27. g4 Rc6 28. Qxb4 Rec8 29. Rd2 Qe8 30. Qa5 Rb8 31. Nb2 d5 32. c3 Rd8 33. Qa4 dxe4 34. Rxe4 Nxg4 35. Ng3 Bf5 36. Rde2 Re6 37. Nxf5 Rxe4 38. Qc4+ Kh8 39. Nh4 Qxh5 0-1

[Event "Barcelona Sant Marti op-A 23rd"]
[Site "Barcelona"]
[Date "2023.07.21"]
[Round "9"]
[White "Cordoba Roa, Angel Gabriel"]
[Black "Thakur, Akash"]
[Result "1/2-1/2"]
[WhiteElo "2339"]
[BlackElo "2193"]
[PlyCount "105"]
[EventDate "2023.07.13"]
[EventType "swiss"]
[EventRounds "9"]
[EventCountry "ESP"]
[SourceTitle "CBM 215 Extra"]
[Source "ChessBase"]
[SourceDate "2023.09.30"]
[SourceVersion "1"]
[SourceVersionDate "2023.09.30"]
[SourceQuality "1"]

1. e4 e5 2. Nf3 Nc6 3. Bb5 Nf6 4. d3 d6 5. 0-0 a6 6. Ba4 b5 7. Bb3 Na5 8. Nc3 Be7 9. Bd2 c6 10. Ne2 Nxb3 11. axb3 0-0 12. b4 Qc7 13. Bc3 Re8 14. Ng3 Bf8 15. Ra5 d5 16. Qe2 c5 17. bxc5 Bxc5 18. Raa1 b4 19. Bd2 a5 20. exd5 Nxd5 21. Rfe1 Bd7 22. Qe4 Nf6 23. Qh4 Ra6 24. d4 exd4 25. Rxe8+ Bxe8 26. Nxd4 Bxd4 27. Qxd4 Qxc2 28. Bxb4 a4 29. Re1 Re6 30. Rxe6 fxe6 31. h3 Qc1+ 32. Kh2 Qc6 33. Bc3 Qd5 34. Qf4 Bc6 35. f3 Nd7 36. h4 e5 37. Qg5 h6 38. Qe7 Qc4 39. Kh3 Qf4 40. Qd6 Qf6 41. Qxf6 gxf6 42. h5 Nb6 43. Kh4 Bd7 44. Ne4 Kf7 45. g4 Nc4 46. Kg3 Bc6 47. Nd2 Ne3 48. Bb4 f5 49. gxf5 Nxf5+ 50. Kf2 Bd5 51. Nf1 Kf6 52. Ne3 Nxe3 53. Kxe3 1/2-1/2

[Event "Uadjpur Pandiyar Memorial 7th"]
[Site "Uadjpur"]
[Date "2022.10.11"]
[Round "8"]
[White "Thakur, Akash"]
[Black "Soureen, Bhattacharya"]
[Result "1/2-1/2"]
[WhiteElo "2235"]
[BlackElo "1672"]
[PlyCount "61"]
[EventDate "2022.10.08"]
[EventType "swiss"]
[EventRounds "9"]
[EventCountry "IND"]
[SourceTitle "CBM 210 Extra"]
[Source "ChessBase"]
[SourceDate "2022.11.30"]
[SourceVersion "1"]
[SourceVersionDate "2022.11.30"]
[SourceQuality "1"]

1. e4 c5 2. Nf3 d6 3. Bb5+ Bd7 4. Bxd7+ Qxd7 5. c4 Nc6 6. Nc3 g6 7. d4 cxd4 8. Nxd4 Bg7 9. Be3 Nf6 10. f3 Rc8 11. b3 0-0 12. 0-0 Rfd8 13. Qd2 e6 14. Rfd1 d5 15. cxd5 exd5 16. Nxc6 bxc6 17. Rac1 Qe7 18. exd5 Nxd5 19. Nxd5 cxd5 20. Bg5 Bf6 21. Bxf6 Qxf6 22. Rxc8 Rxc8 23. Qxd5 Qb2 24. Rd2 Rc1+ 25. Kf2 Rc2 26. Ke3 Qxa2 27. Qd8+ Kg7 28. Qd4+ Kg8 29. Qd8+ Kg7 30. Qd4+ Kg8 31. Qd8+ 1/2-1/2

[Event "Uadjpur Pandiyar Memorial 7th"]
[Site "Uadjpur"]
[Date "2022.10.10"]
[Round "6"]
[White "Thakur, Akash"]
[Black "Maniar, Hriday"]
[Result "1-0"]
[WhiteElo "2235"]
[BlackElo "1367"]
[PlyCount "119"]
[EventDate "2022.10.08"]
[EventType "swiss"]
[EventRounds "9"]
[EventCountry "IND"]
[SourceTitle "CBM 210 Extra"]
[Source "ChessBase"]
[SourceDate "2022.11.30"]
[SourceVersion "1"]
[SourceVersionDate "2022.11.30"]
[SourceQuality "1"]

1. e4 e5 2. Nf3 Nc6 3. Nc3 Nf6 4. d4 exd4 5. Nxd4 Bb4 6. Nxc6 bxc6 7. Bd3 d5 8. exd5 cxd5 9. 0-0 0-0 10. Bg5 Bb7 11. Qf3 Re8 12. Qf5 Bc8 13. Qf3 Bb7 14. Rad1 c6 15. Ne2 h6 16. Bxf6 Qxf6 17. Qxf6 gxf6 18. c3 Bc5 19. Ng3 Re5 20. Nf5 Bc8 21. Nd4 Bxd4 22. cxd4 Re7 23. Rc1 Bd7 24. Rfd1 Kh8 25. Kf1 Rg8 26. h3 f5 27. Re1 Rge8 28. Rxe7 Rxe7 29. f4 Kg7 30. Kf2 Kf6 31. Rc3 Ke6 32. Rb3 Bc8 33. Rb8 Rc7 34. b4 f6 35. Kg3 Rg7+ 36. Kh4 Bd7 37. g3 Re7 38. Rf8 Be8 39. Rh8 Bg6 40. g4 Kf7 41. gxf5 Kg7 42. Rb8 Be8 43. Ba6 Re4 44. Kg3 Bf7 45. Bc8 Rxd4 46. Be6 Bxe6 47. fxe6 Re4 48. f5 Re5 49. Rd8 d4 50. Kf4 Rd5 51. Rxd5 cxd5 52. Kf3 Kf8 53. Ke2 Ke7 54. Kd3 Kd6 55. Kxd4 h5 56. h4 a6 57. a4 Kc6 58. b5+ axb5 59. axb5+ Kd6 60. b6 1-0

[Event "Titled Tuesday intern op 06th Oct"]
[Site "Chess.com INT"]
[Date "2020.10.06"]
[Round "5"]
[White "Chen, Ryo"]
[Black "Thakur, Akash"]
[Result "1-0"]
[WhiteElo "2085"]
[BlackElo "2235"]
[PlyCount "99"]
[EventDate "2020.10.06"]
[EventType "swiss (blitz)"]
[EventRounds "10"]
[EventCountry "USA"]
[SourceTitle "CBM 198 Extra"]
[Source "ChessBase"]
[SourceDate "2020.11.30"]
[SourceVersion "1"]
[SourceVersionDate "2020.11.30"]
[SourceQuality "1"]

1. e4 e5 2. Nf3 Nc6 3. Bb5 a6 4. Ba4 Nf6 5. d3 d6 6. c3 g6 7. 0-0 Bg7 8. Nbd2 0-0 9. Re1 b5 10. Bc2 Re8 11. d4 exd4 12. cxd4 Nb4 13. Bb1 c5 14. d5 a5 15. a4 Ba6 16. axb5 Bxb5 17. Ra3 Nd7 18. Nf1 Ne5 19. Nxe5 Bxe5 20. Rh3 c4 21. Ne3 Bg7 22. Ng4 Nd3 23. Bxd3 cxd3 24. Nh6+ Bxh6 25. Bxh6 Rc8 26. Qd2 Rc2 27. Qd1 Qf6 28. Rf3 Qxb2 29. h4 d2 30. Kh2 dxe1Q 31. Qxe1 Qe5+ 32. Kg1 Qxe4 33. Re3 Qxe3 34. Bxe3 Ra8 35. Qa1 a4 36. Bh6 f6 37. Qxf6 Rc7 38. Qe6+ Rf7 39. Qe1 a3 40. Qa1 a2 41. f3 Bc4 42. Kf2 Rb8 43. h5 Rb1 44. Qd4 a1Q 45. Qxc4 Qb2+ 46. Kg3 Qb8 47. hxg6 Qe8 48. gxf7+ Qxf7 49. Qc8+ Qe8 50. Qxe8# 1-0

[Event "Titled Tuesday intern op 06th Oct"]
[Site "Chess.com INT"]
[Date "2020.10.06"]
[Round "4"]
[White "Thakur, Akash"]
[Black "Hennigan, Michael"]
[Result "1-0"]
[WhiteElo "2235"]
[BlackElo "2391"]
[PlyCount "57"]
[EventDate "2020.10.06"]
[EventType "swiss (blitz)"]
[EventRounds "10"]
[EventCountry "USA"]
[SourceTitle "CBM 198 Extra"]
[Source "ChessBase"]
[SourceDate "2020.11.30"]
[SourceVersion "1"]
[SourceVersionDate "2020.11.30"]
[SourceQuality "1"]

1. e4 g6 2. Nf3 Bg7 3. Nc3 d6 4. d4 a6 5. Be2 b5 6. Be3 Bb7 7. a3 Nd7 8. 0-0 Ngf6 9. Nd2 0-0 10. f3 c5 11. Nb3 cxd4 12. Bxd4 Rc8 13. Kh1 Qc7 14. Rc1 Rfd8 15. Qd2 Nb6 16. Na5 Ba8 17. Rfd1 e5 18. Bf2 d5 19. exd5 Nbxd5 20. Nxd5 Rxd5 21. Qe1 Rxd1 22. Bxd1 e4 23. Nb3 exf3 24. Bxf3 Bxf3 25. gxf3 Re8 26. Qd2 Qb7 27. Kg2 Nd5 28. Rd1 Re5 29. Nc5 1-0

[Event "Titled Tuesday intern op 06th Oct"]
[Site "Chess.com INT"]
[Date "2020.10.06"]
[Round "1"]
[White "Thakur, Akash"]
[Black "Maltsevskaya, Aleksandra"]
[Result "0-1"]
[WhiteElo "2235"]
[BlackElo "2260"]
[PlyCount "90"]
[EventDate "2020.10.06"]
[EventType "swiss (blitz)"]
[EventRounds "10"]
[EventCountry "USA"]
[SourceTitle "CBM 198 Extra"]
[Source "ChessBase"]
[SourceDate "2020.11.30"]
[SourceVersion "1"]
[SourceVersionDate "2020.11.30"]
[SourceQuality "1"]

1. e4 c5 2. Nf3 e6 3. c4 Nc6 4. Nc3 Nf6 5. a3 d5 6. exd5 exd5 7. cxd5 Nxd5 8. Bc4 Nf4 9. 0-0 Be7 10. d4 cxd4 11. Bxf4 dxc3 12. Qxd8+ Nxd8 13. Bb5+ Nc6 14. bxc3 0-0 15. Nd4 Bd7 16. Nxc6 Bxc6 17. Bxc6 bxc6 18. a4 Bf6 19. Rab1 Rfd8 20. g3 h5 21. Rb7 Rd3 22. Rc1 a5 23. Rc7 Ra6 24. Rb1 Rxc3 25. Rb8+ Kh7 26. Rxf7 c5 27. Rbb7 Rc2 28. h4 Re6 29. Bg5 Bd4 30. Rf3 Re1+ 31. Kg2 Ree2 32. Rbf7 Ra2 33. R7f5 c4 34. Be3 Bxe3 35. Rxe3 Rxe3 36. Rxh5+ Kg8 37. Rxa5 Ree2 38. Rf5 c3 39. a5 Rxf2+ 40. Rxf2 Rxf2+ 41. Kxf2 c2 42. a6 c1Q 43. a7 Qa3 44. a8Q+ Qxa8 45. Ke3 Qa3+ 0-1

[Event "Titled Tuesday intern op 23rd June"]
[Site "Chess.com INT"]
[Date "2020.06.23"]
[Round "2"]
[White "Shuvalov, Evgenij"]
[Black "Thakur, Akash"]
[Result "1-0"]
[WhiteElo "2182"]
[BlackElo "2235"]
[PlyCount "107"]
[EventDate "2020.06.23"]
[EventType "swiss (blitz)"]
[EventRounds "10"]
[EventCountry "USA"]
[SourceTitle "CBM 197 Extra"]
[Source "ChessBase"]
[SourceDate "2020.09.30"]
[SourceVersion "1"]
[SourceVersionDate "2020.09.30"]
[SourceQuality "1"]

1. Nf3 d5 2. c4 c6 3. g3 Nf6 4. Bg2 g6 5. b3 Bg7 6. Bb2 0-0 7. 0-0 Re8 8. d3 Nbd7 9. Nc3 e5 10. cxd5 Nxd5 11. Rc1 Nxc3 12. Bxc3 Nb6 13. Ba5 Qd5 14. Qd2 Qd6 15. Ng5 Bf5 16. Ne4 Bxe4 17. Bxe4 Rad8 18. Qb4 Qxb4 19. Bxb4 f5 20. Bg2 Nd5 21. Ba5 Rd7 22. e4 fxe4 23. dxe4 Nb6 24. Rfd1 Red8 25. Bf3 Rxd1+ 26. Rxd1 Rxd1+ 27. Bxd1 Kf7 28. Bg4 Bf8 29. Kf1 Bc5 30. Ke2 Ke7 31. Bc3 Bd6 32. Ke3 Nd7 33. f4 c5 34. a4 Nf6 35. Be2 Bc7 36. fxe5 Nd7 37. Kf4 h6 38. h4 Nf8 39. h5 Ne6+ 40. Kg4 g5 41. Bc4 Nd4 42. b4 b6 43. bxc5 bxc5 44. e6 Be5 45. a5 Bc7 46. a6 Be5 47. Ba5 Bb8 48. Bc3 Be5 49. Bb2 Bc7 50. Ba3 Bd6 51. e5 Bxe5 52. Bxc5+ Kf6 53. e7 Ne6 54. Bxe6 1-0

[Event "Titled Tuesday intern op 23rd June"]
[Site "Chess.com INT"]
[Date "2020.06.23"]
[Round "9"]
[White "Thakur, Akash"]
[Black "Mouhamad, Joachin"]
[Result "1-0"]
[WhiteElo "2235"]
[BlackElo "2297"]
[PlyCount "95"]
[EventDate "2020.06.23"]
[EventType "swiss (blitz)"]
[EventRounds "10"]
[EventCountry "USA"]
[SourceTitle "CBM 197 Extra"]
[Source "ChessBase"]
[SourceDate "2020.09.30"]
[SourceVersion "1"]
[SourceVersionDate "2020.09.30"]
[SourceQuality "1"]

1. e4 e5 2. Nf3 Nc6 3. d4 exd4 4. Nxd4 Nf6 5. Nc3 Bb4 6. Nxc6 bxc6 7. Bd3 d5 8. exd5 cxd5 9. 0-0 0-0 10. Bg5 c6 11. Qf3 h6 12. Bxf6 Qxf6 13. Qxf6 gxf6 14. Ne2 Bd6 15. Nd4 Bd7 16. Bf5 c5 17. Bxd7 cxd4 18. Rad1 Bc5 19. b4 Rad8 20. bxc5 Rxd7 21. Rxd4 Rc8 22. c4 Rxc5 23. Rfd1 Ra5 24. Rxd5 Raxd5 25. cxd5 Rd6 26. f4 Kf8 27. Kf2 Ke7 28. Ke3 Ra6 29. Rd2 Kd6 30. Ke4 Ra5 31. Kf5 Ke7 32. Re2+ Kd6 33. Kxf6 Rxd5 34. g3 h5 35. Kxf7 h4 36. Kf6 h3 37. f5 Rd1 38. Kg5 Rg1 39. Kg4 Rg2 40. Re6+ Kd7 41. Kxh3 Rxa2 42. g4 a5 43. g5 a4 44. g6 Ra3+ 45. Kh4 Ra2 46. g7 Rxh2+ 47. Kg3 Rh1 48. Kg2 1-0

[Event "Titled Tuesday intern op 23rd June"]
[Site "Chess.com INT"]
[Date "2020.06.23"]
[Round "6"]
[White "Thakur, Akash"]
[Black "Necula, Iulian"]
[Result "1-0"]
[WhiteElo "2235"]
[BlackElo "1890"]
[PlyCount "63"]
[EventDate "2020.06.23"]
[EventType "swiss (blitz)"]
[EventRounds "10"]
[EventCountry "USA"]
[SourceTitle "CBM 197 Extra"]
[Source "ChessBase"]
[SourceDate "2020.09.30"]
[SourceVersion "1"]
[SourceVersionDate "2020.09.30"]
[SourceQuality "1"]

1. e4 Nf6 2. e5 Nd5 3. c4 Nb6 4. d4 d6 5. exd6 cxd6 6. Nf3 g6 7. Nc3 Bg7 8. h3 0-0 9. Be3 Nc6 10. Rc1 a6 11. Be2 e5 12. dxe5 Be6 13. Nd5 Bxd5 14. cxd5 Nxe5 15. 0-0 Nbd7 16. Qb3 b5 17. Nxe5 Nxe5 18. f4 Nd7 19. Rc6 Qe7 20. Bf3 Rfe8 21. Bf2 Nc5 22. Bxc5 dxc5 23. d6 Bd4+ 24. Kh1 Qf6 25. Rc7 Qxf4 26. Be2 c4 27. Bxc4 bxc4 28. Qxc4 Re1 29. Rxe1 Rf8 30. Rf1 Qe3 31. Rcxf7 Bg7 32. Rxf8# 1-0

[Event "Titled Tuesday intern op 23rd June"]
[Site "Chess.com INT"]
[Date "2020.06.23"]
[Round "1"]
[White "Thakur, Akash"]
[Black "Titus, Andrew L"]
[Result "0-1"]
[WhiteElo "2235"]
[BlackElo "2158"]
[PlyCount "88"]
[EventDate "2020.06.23"]
[EventType "swiss (blitz)"]
[EventRounds "10"]
[EventCountry "USA"]
[SourceTitle "CBM 197 Extra"]
[Source "ChessBase"]
[SourceDate "2020.09.30"]
[SourceVersion "1"]
[SourceVersionDate "2020.09.30"]
[SourceQuality "1"]

1. e4 c5 2. Nf3 d6 3. Bb5+ Nd7 4. 0-0 Ngf6 5. Re1 a6 6. Bf1 b5 7. c3 Bb7 8. d3 e6 9. Bg5 Be7 10. Nbd2 0-0 11. Rc1 Rc8 12. g3 Qc7 13. Bg2 Qb8 14. Nf1 h6 15. Bf4 Qa8 16. h3 Rfe8 17. Qd2 Bf8 18. N1h2 e5 19. Be3 c4 20. Nh4 cxd3 21. f3 d5 22. exd5 Nxd5 23. Bf2 Nc5 24. b4 Na4 25. Qxd3 Naxc3 26. a3 a5 27. Bc5 Bxc5+ 28. bxc5 b4 29. Nf5 Rxc5 30. Nd6 Re6 31. Nxb7 Qxb7 32. f4 exf4 33. Rxe6 fxe6 34. gxf4 Ne2+ 35. Qxe2 Rxc1+ 36. Kf2 Qb6+ 37. Kg3 Qe3+ 38. Qxe3 Nxe3 39. axb4 axb4 40. Be4 b3 41. Nf3 b2 42. Nd2 Nc4 43. Nxc4 Rxc4 44. Bd3 Rc1 0-1

[Event "Hersonissos Online op"]
[Site "Chess.com INT"]
[Date "2020.06.08"]
[Round "4"]
[White "Papaioannou, Dimitrios1111"]
[Black "Thakur, Akash"]
[Result "0-1"]
[WhiteElo "1745"]
[BlackElo "2235"]
[PlyCount "87"]
[EventDate "2020.06.05"]
[EventType "swiss"]
[EventRounds "9"]
[EventCountry "GRE"]
[SourceTitle "EXT 2021"]
[Source "ChessBase"]
[SourceDate "2020.10.23"]
[SourceVersion "1"]
[SourceVersionDate "2020.10.23"]
[SourceQuality "1"]

1. e4 e5 2. Nf3 Nc6 3. Bb5 a6 4. Ba4 Nf6 5. d3 d6 6. 0-0 g6 7. d4 b5 8. dxe5 dxe5 9. Bb3 Qxd1 10. Rxd1 Bg4 11. Bg5 Be7 12. Bxf6 Bxf6 13. Bd5 0-0-0 14. Nbd2 Nb4 15. Bb3 Rhf8 16. a3 Nc6 17. c3 Na5 18. Ba2 Rd7 19. b4 Rfd8 20. bxa5 Bxf3 21. gxf3 Rxd2 22. Rxd2 Rxd2 23. Bxf7 Bh4 24. a4 Bxf2+ 25. Kh1 c6 26. axb5 cxb5 27. Bg8 h6 28. Bf7 g5 29. Bb3 Kc7 30. Kg2 Bd4+ 31. Kg3 Bxc3 32. Rc1 Rd3 33. Kf2 Kd6 34. Bd5 b4 35. Bc4 Rd2+ 36. Kg3 Kc5 37. Bxa6 Ra2 38. Rd1 Bd2 39. Bb7 h5 40. Kh3 Bf4 41. Rd5+ Kc4 42. Ba6+ Kb3 43. Rd3+ Ka4 44. Bc4 0-1

[Event "Hersonissos Online op"]
[Site "Chess.com INT"]
[Date "2020.06.07"]
[Round "3"]
[White "Thakur, Akash"]
[Black "Md, Bashiq Imrose"]
[Result "1-0"]
[WhiteElo "2235"]
[BlackElo "1641"]
[PlyCount "93"]
[EventDate "2020.06.05"]
[EventType "swiss"]
[EventRounds "9"]
[EventCountry "GRE"]
[SourceTitle "CBM 196 Extra"]
[Source "ChessBase"]
[SourceDate "2020.07.31"]
[SourceVersion "1"]
[SourceVersionDate "2020.07.31"]
[SourceQuality "1"]

1. e4 c5 2. Nf3 g6 3. c4 Nc6 4. d4 cxd4 5. Nxd4 Nf6 6. Nc3 d6 7. Be2 Nxd4 8. Qxd4 Bg7 9. Be3 0-0 10. Qd1 Be6 11. Rc1 Qa5 12. 0-0 Rfc8 13. b3 Nd7 14. Qd2 a6 15. Bd4 Rab8 16. Bxg7 Kxg7 17. Qb2 Kg8 18. Kh1 Nf6 19. f4 b5 20. f5 Bd7 21. fxg6 hxg6 22. Rxf6 exf6 23. Nd5 Be6 24. Ne7+ Kg7 25. Rf1 bxc4 26. Qxf6+ Kh7 27. Rf4 Qe1+ 28. Bf1 Rc5 29. Nd5 Kg8 30. Ne7+ Kh7 31. Nd5 Kg8 32. Rh4 Qxh4 33. Ne7+ Kh7 34. Qxh4+ Rh5 35. Qf6 cxb3 36. axb3 Rxb3 37. Nxg6 fxg6 38. Qxe6 Rb1 39. Qf7+ Kh6 40. Qf8+ Kh7 41. g4 Rc5 42. Kg2 Rc2+ 43. Kg3 Rb3+ 44. Kh4 Rxh2+ 45. Kg5 Rbb2 46. Qf7+ Kh8 47. Kxg6 1-0

[Event "Mumbai Wealth op 5th"]
[Site "Mumbai"]
[Date "2020.01.01"]
[Round "3"]
[White "Thakur, Akash"]
[Black "Ghelani, Dhairya"]
[Result "1-0"]
[WhiteElo "2300"]
[BlackElo "2027"]
[PlyCount "88"]
[EventDate "2019.12.30"]
[EventType "swiss"]
[EventRounds "9"]
[EventCountry "IND"]
[SourceTitle "CBM 194 Extra"]
[Source "ChessBase"]
[SourceDate "2020.03.31"]
[SourceVersion "1"]
[SourceVersionDate "2020.03.31"]
[SourceQuality "1"]

1. d4 Nf6 2. Bf4 e6 3. e3 c5 4. c3 Nc6 5. Nd2 cxd4 6. exd4 d6 7. Ngf3 Be7 8. Bd3 0-0 9. Qe2 Re8 10. 0-0 b6 11. Rfe1 Bb7 12. Rad1 Bf8 13. Bg5 Be7 14. Nf1 Nd5 15. Bc1 Bf6 16. Ng3 g6 17. Bb1 Bg7 18. c4 Nf6 19. Bg5 Qc7 20. b3 Rac8 21. Qe3 Nb8 22. Qf4 Nbd7 23. Ne4 Nxe4 24. Bxe4 f6 25. Bxb7 fxg5 26. Nxg5 Qxb7 27. Qf7+ Kh8 28. Nxh7 Qc7 29. Qxg6 Nf8 30. Nxf8 Rxf8 31. Rxe6 d5 32. Qh5+ Kg8 33. Qxd5 Qf7 34. Rd6 Qxd5 35. Rxd5 Rcd8 36. Rxd8 Rxd8 37. d5 Kf7 38. f4 Ke7 39. Kf2 Kd6 40. Re1 Bd4+ 41. Kf3 a5 42. Re6+ Kc5 43. Ke4 Bg1 44. a3 Rc8 1-0

[Event "Pardubice Czech op-A 30th"]
[Site "Pardubice"]
[Date "2019.07.23"]
[Round "5"]
[White "Thakur, Akash"]
[Black "Medvedyk, Volodymyr"]
[Result "1/2-1/2"]
[WhiteElo "2311"]
[BlackElo "2197"]
[PlyCount "37"]
[EventDate "2019.07.19"]
[EventType "swiss"]
[EventRounds "9"]
[EventCountry "CZE"]
[SourceTitle "CBM 191"]
[Source "ChessBase"]
[SourceDate "2019.08.31"]
[SourceVersion "1"]
[SourceVersionDate "2019.08.31"]
[SourceQuality "1"]

1. e4 e5 2. Nf3 Nc6 3. d4 exd4 4. Nxd4 Bc5 5. Nb3 Bb6 6. Nc3 Nf6 7. Qe2 0-0 8. Bg5 h6 9. Bh4 Nd4 10. Qd2 Nxb3 11. axb3 Nxe4 12. Bxd8 Nxd2 13. Be7 Re8 14. Kxd2 Rxe7 15. Nd5 Re5 16. Bc4 d6 17. f4 Re8 18. Nxb6 cxb6 19. Bd5 1/2-1/2

[Event "Imperia op-A 50th"]
[Site "Imperia"]
[Date "2018.09.07"]
[Round "7.4"]
[White "Thakur, Akash"]
[Black "Sbarra, Marco"]
[Result "1/2-1/2"]
[WhiteElo "2325"]
[BlackElo "2160"]
[PlyCount "54"]
[EventDate "2018.09.02"]
[EventType "swiss"]
[EventRounds "9"]
[EventCountry "ITA"]
[SourceTitle "EXT 2024"]
[Source "ChessBase"]
[SourceDate "2023.10.10"]
[SourceVersion "1"]
[SourceVersionDate "2023.10.10"]
[SourceQuality "1"]

1. e4 e5 2. Bc4 Nf6 3. Nc3 Nxe4 4. Qh5 Nd6 5. Qxe5+ Qe7 6. Qxe7+ Bxe7 7. Bb3 c6 8. Nf3 Nf5 9. 0-0 d5 10. Re1 h5 11. Ne2 Nd7 12. d4 0-0 13. c3 Bd6 14. Bg5 Re8 15. Ng3 Rxe1+ 16. Rxe1 Nxg3 17. hxg3 Nf8 18. Be7 Bc7 19. Bc2 Bd7 20. Ne5 Be6 21. Bd1 g6 22. Bc2 Re8 23. Bc5 a6 24. Ba3 Bc8 25. Kf1 Ne6 26. Nf3 Ng7 27. Rxe8+ Nxe8 1/2-1/2